Accounting: (Record no. 5)
[ view plain ]
| 000 -LEADER | |
|---|---|
| fixed length control field | 00634nam a2200205Ia 4500 |
| 003 - CONTROL NUMBER IDENTIFIER | |
| control field | OSt |
| 005 - DATE AND TIME OF LATEST TRANSACTION | |
| control field | 20221005113545.0 |
| 008 - FIXED-LENGTH DATA ELEMENTS--GENERAL INFORMATION | |
| fixed length control field | 221001s9999||||xx |||||||||||||| ||und|| |
| 020 ## - INTERNATIONAL STANDARD BOOK NUMBER | |
| International Standard Book Number | 978-007-128909-2 |
| 040 ## - CATALOGING SOURCE | |
| Transcribing agency | Chuka University Library |
| 050 ## - LIBRARY OF CONGRESS CALL NUMBER | |
| Classification number | HF 5635 |
| Item number | .A56 2011 |
| 100 ## - MAIN ENTRY--PERSONAL NAME | |
| Personal name | Antony, Robert N. |
| 9 (RLIN) | 9 |
| 245 #0 - TITLE STATEMENT | |
| Title | Accounting: |
| Remainder of title | text and cases/ |
| Statement of responsibility, etc. | Robert Newton Anthony, David F. Hawkins, Kenneth A. Merchant |
| 250 ## - EDITION STATEMENT | |
| Edition statement | 13th edition, |
| Remainder of edition statement | international edition |
| 260 ## - PUBLICATION, DISTRIBUTION, ETC. | |
| Place of publication, distribution, etc. | New York: |
| Name of publisher, distributor, etc. | McGrawhill, |
| Date of publication, distribution, etc. | 2011. |
| 650 ## - SUBJECT ADDED ENTRY--TOPICAL TERM | |
| Topical term or geographic name entry element | Commerce |
| 9 (RLIN) | 10 |
| 700 ## - ADDED ENTRY--PERSONAL NAME | |
| Personal name | Hawkins, David F. |
| 9 (RLIN) | 11 |
| 700 ## - ADDED ENTRY--PERSONAL NAME | |
| Personal name | Merchant, Kenenth A. |
| 9 (RLIN) | 43 |
| 942 ## - ADDED ENTRY ELEMENTS (KOHA) | |
| Koha item type | Long Loan Books |
| Source of classification or shelving scheme | Library of Congress Classification |
| Koha issues (borrowed), all copies | 6 |
| Withdrawn status | Lost status | Damaged status | Not for loan | Collection | Home library | Current library | Shelving location | Date acquired | Total Checkouts | Total Renewals | Full call number | Barcode | Date last seen | Date last checked out | Price effective from | Koha item type |
|---|---|---|---|---|---|---|---|---|---|---|---|---|---|---|---|---|
| General Collection Books | Main Campus Library | Main Campus Library | General Stacks | 04/10/2022 | 6 | HF 5635 .A56 2011 | 8977/2012 | 05/10/2022 | 05/10/2022 | 04/10/2022 | Long Loan Books |
